000 00282nam a2200109Ia 4500
008 200302s9999 xx 000 0 und d
100 _aAlok Satsangi
245 _aDisaster Management and Environmental Education
260 _bBook Enclave Publication
260 _c2017
300 _a281
999 _c7223
_d7223